000 00680nam a2200193 a 4500
001 000028268
005 20200930031507.0
008 110407s2005 dr 000 0 spa d
020 _a9993481211
040 _aDO-SdBNP
_bspa
_cBNPHU
100 1 _aSuárez, Mario
_91043
245 1 0 _aPara entender la sociedad del conocimiento de Peter Drucker. /
_cMario Suárez ; presentación Dennis R. Simó.
260 _aSanto Domingo, :
_bUNAPEC,
_c2005.
300 _a35 P. ;
_c22 cm.
490 1 _aUNAPEC por un mundo mejor.
_aSerie ensayos ;
_v1 ;
590 _aInventariado, 2019/ YL
700 1 _aSimó, Dennis R.
_914023
830 0 _aUNAPEC por un mundo mejor.
_pSerie ensayos
_v1
_955267
999 _c27760
_d27760